[Event "TCh-RUS Premier 2019"]
[Site "Sochi RUS"]
[Date "2019.05.03"]
[Round "3.5"]
[Board "3"]
[White "Tsydypov, Zhamsaran"]
[Black "Rakhmanov, Aleksandr"]
[Result "1-0"]
[WhiteTitle "IM"]
[BlackTitle "GM"]
[WhiteElo "2546"]
[BlackElo "2629"]
[WhiteTeam "Siberia (Novosibirsk region)"]
[BlackTeam "Strazhi pravoporyadka (St. Petersburg)"]
[WhiteFideId "4108566"]
[BlackFideId "4173708"]
[EventDate "2019.05.01"]

1. e4 e5 2. Nf3 Nf6 3. Nxe5 d6 4. Nf3 Nxe4 5. d4 d5 6. Bd3 Bf5 7. O-O Be7 8. Re1
O-O 9. c4 Nc6 10. cxd5 Qxd5 11. Nc3 Nxc3 12. bxc3 Rae8 13. h3 h6 14. Bf4 Bd8 15.
Be2 Be4 16. Bg3 Qa5 17. Qb3 Bd5 18. Bc4 Bxc4 19. Qxc4 Qa3 20. d5 Na5 21. Qg4 Qc5
22. Be5 g6 23. Qf4 g5 24. Qa4 Nc4 25. Rad1 Nb2 26. Qd4 Qxd4 27. Rxd4 f6 28. Bh2
Rxe1+ 29. Nxe1 Re8 30. Kf1 b5 31. g4 Kf7 32. Nc2 Na4 33. c4 bxc4 34. Rxc4 Nb6
35. Rc5 Be7 36. Rxc7 Nxd5 37. Rxa7 Kg6 38. Rd7 Nb6 39. Rb7 Nd5 40. Nd4 Bc5 41.
Nf5 Ne7 42. Nxe7+ Bxe7 43. Rb8 Rxb8 44. Bxb8 Ba3 45. Ke2 h5 46. f3 f5 47. Be5
hxg4 48. hxg4 fxg4 49. fxg4 Kf7 50. Kd3 Ke6 51. Ke4 Be7 52. Bd4 Bd8 53. Be3 Bf6
54. a4 Bd8 55. Bd2 Kd6 56. Kf5 Kd5 57. Bxg5 Ba5 58. Bf4 Bd8 59. Be5 1-0

[Event "TCh-RUS Premier 2019"]
[Site "Sochi RUS"]
[Date "2019.05.03"]
[Round "3.5"]
[Board "4"]
[White "Kokarev, Dmitry"]
[Black "Bocharov, Dmitry"]
[Result "1-0"]
[WhiteTitle "GM"]
[BlackTitle "GM"]
[WhiteElo "2605"]
[BlackElo "2530"]
[WhiteTeam "Strazhi pravoporyadka (St. Petersburg)"]
[BlackTeam "Siberia (Novosibirsk region)"]
[WhiteFideId "4132181"]
[BlackFideId "4138716"]
[EventDate "2019.05.01"]

1. e4 c5 2. Nf3 d6 3. d4 cxd4 4. Nxd4 Nf6 5. Nc3 a6 6. h3 e5 7. Nde2 b5 8. Ng3
Nc6 9. Bg5 Be7 10. a4 b4 11. Bxf6 Bxf6 12. Nd5 O-O 13. Bc4 g6 14. Nxf6+ Qxf6 15.
O-O a5 16. c3 Bb7 17. Bd5 Rab8 18. Qd3 Rfc8 19. Rfd1 bxc3 20. bxc3 Nd8 21. Rab1
Bxd5 22. exd5 Nb7 23. Ne4 Qd8 24. Qd2 Rc4 25. Qe3 Nc5 26. Rxb8 Qxb8 27. Nf6+ Kg7
28. Ng4 Nd7 29. Qh6+ Kg8 30. Qh4 Kg7 31. Qe7 Qc7 32. Rd3 h5 33. Rf3 Rf4 34. Nf6 1-0

[Event "TCh-RUS Premier 2019"]
[Site "Sochi RUS"]
[Date "2019.05.03"]
[Round "3.5"]
[Board "5"]
[White "Kezin, Roman"]
[Black "Romanov, Evgeny"]
[Result "0-1"]
[WhiteTitle "IM"]
[BlackTitle "GM"]
[WhiteElo "2468"]
[BlackElo "2573"]
[WhiteTeam "Siberia (Novosibirsk region)"]
[BlackTeam "Strazhi pravoporyadka (St. Petersburg)"]
[WhiteFideId "24124621"]
[BlackFideId "4148843"]
[EventDate "2019.05.01"]

1. d4 Nf6 2. c4 d6 3. Nf3 Bg4 4. g3 Bxf3 5. exf3 c6 6. d5 g6 7. Nc3 Bg7 8. Bg2
O-O 9. O-O Nbd7 10. f4 Nb6 11. Qe2 cxd5 12. cxd5 Rc8 13. Be3 Nfd7 14. Rad1 Rc4
15. Rfe1 Re8 16. Nb5 a6 17. Nc3 Qc7 18. Bh3 Nc5 19. f5 Nca4 20. Nxa4 Nxa4 21.
Rd2 Rc1 22. Rxc1 Qxc1+ 23. Kg2 Qb1 24. fxg6 hxg6 25. Bg5 Nc5 26. b3 b5 27. f3 b4
28. Be3 Bc3 29. Rd1 Qb2 30. Qxb2 Bxb2 31. Kf2 a5 32. Ke2 Kg7 33. Bf1 a4 34. bxa4
Nxa4 35. Kf2 Rc8 36. Bd3 Kf8 37. Rd2 Bc1 38. Rc2 Bxe3+ 39. Kxe3 Nc3 40. Kd2 Rc5
41. Rb2 Nxd5 42. Be4 e5 43. Bxd5 Rxd5+ 44. Kc2 Rd4 45. Kb3 f5 46. Ka4 e4 47.
fxe4 fxe4 48. Rxb4 Rd2 49. Rxe4 Rxa2+ 50. Kb5 Rxh2 51. Kc6 Kf7 52. Kxd6 Kf6 53.
Kd5 Rg2 54. Re3 Kf5 55. Rf3+ Kg4 56. Rf6 g5 57. Ke4 Rxg3 58. Rf1 Rg2 59. Ke3 Kg3
60. Rf3+ Kh2 61. Rf8 g4 62. Rh8+ Kg3 63. Rh1 Ra2 64. Rg1+ Kh3 65. Kf4 Rf2+ 66.
Ke3 g3 0-1

[Event "TCh-RUS Premier 2019"]
[Site "Sochi RUS"]
[Date "2019.05.03"]
[Round "3.5"]
[Board "6"]
[White "Sychev, Klementy"]
[Black "Murzin, Volodar"]
[Result "1-0"]
[WhiteTitle "GM"]
[BlackTitle "FM"]
[WhiteElo "2574"]
[BlackElo "2407"]
[WhiteTeam "Strazhi pravoporyadka (St. Petersburg)"]
[BlackTeam "Siberia (Novosibirsk region)"]
[WhiteFideId "4114060"]
[BlackFideId "44155573"]
[EventDate "2019.05.01"]

1. d4 d5 2. c4 c6 3. Nf3 Nf6 4. Nc3 Bf5 5. cxd5 cxd5 6. Qb3 e6 7. Qxb7 Nbd7 8.
Bf4 Be7 9. e3 O-O 10. Bb5 Qb6 11. Qxb6 Nxb6 12. O-O a6 13. Be2 Rfc8 14. Ne5 Ba3
15. bxa3 Rxc3 16. Rfc1 Na4 17. Nc6 Kh8 18. Nb8 Ne4 19. f3 Rxc1+ 20. Rxc1 Nec3
21. Bf1 a5 22. h4 h5 23. Kh2 Bb1 24. Bg3 Bxa2 25. Nc6 Bb3 26. Be1 Na2 27. Rb1
Bc4 28. Bxc4 dxc4 29. Ra1 N2c3 30. Rc1 Nd5 31. e4 Ndb6 32. Bxa5 Rc8 33. Ne5 Kg8
34. Bb4 c3 35. Kg3 f6 36. Nd3 Rc4 37. Nc5 Kf7 38. Nb3 c2 39. Na1 Rxd4 40. Rxc2
Rc4 41. Kf2 e5 42. Ke2 Ke6 43. Rxc4 Nxc4 44. Nb3 f5 45. Nc5+ Nxc5 46. Bxc5 fxe4
47. fxe4 Nb2 48. Kd2 Kd7 49. Kc2 Nc4 50. Kc3 Na5 51. Kb4 Nc6+ 52. Kc4 Ke6 53. a4
g6 54. Kb5 Kd7 55. a5 Nd8 56. a6 Ne6 57. a7 1-0

[Event "TCh-RUS Premier 2019"]
[Site "Sochi RUS"]
[Date "2019.05.04"]
[Round "4.1"]
[Board "1"]
[White "Lobanov, Sergei"]
[Black "Alekseev, Evgeny"]
[Result "1/2-1/2"]
[WhiteTitle "IM"]
[BlackTitle "GM"]
[WhiteElo "2513"]
[BlackElo "2647"]
[WhiteTeam "SShOR (St. Petersburg)"]
[BlackTeam "Strazhi pravoporyadka (St. Petersburg)"]
[WhiteFideId "24183750"]
[BlackFideId "4138147"]
[EventDate "2019.05.01"]

1. e4 e5 2. Nf3 Nc6 3. Bb5 Nf6 4. O-O Nxe4 5. Re1 Nd6 6. Nxe5 Be7 7. Bf1 Nf5 8.
Nf3 d5 9. d4 O-O 10. c3 Bd6 11. Bd3 Re8 12. Rxe8+ Qxe8 13. Nbd2 f6 14. Qc2 g6
15. Nf1 Qf7 16. Ng3 Nce7 17. Ne2 Bd7 18. Qb3 b6 19. Bf4 Re8 20. Bb5 c6 21. Bd3
Nc8 22. a4 c5 23. dxc5 bxc5 24. Qd1 Bf8 25. Bb5 g5 26. Bb8 Rd8 27. Bc7 Re8 28.
Ng3 Ng7 29. Ba5 Bxb5 30. axb5 Nd6 31. Qd3 Rb8 32. Rd1 Rxb5 33. b4 Nc4 34. h4 g4
35. Nd2 Rxa5 36. bxa5 Nb2 37. Qc2 Nxd1 38. Qxd1 f5 39. Ne2 f4 40. Nf1 Bd6 41.
Qa4 Qe8 42. Qc2 Qe6 43. g3 Nh5 44. gxf4 Nxf4 45. Ne3 Nxe2+ 46. Qxe2 d4 47. cxd4
cxd4 48. Qxg4+ Qxg4+ 49. Nxg4 Kf7 50. h5 d3 51. a6 Ke6 52. Kf1 Kf5 53. Ne3+ Kg5
54. Nc4 Bc7 55. Nb2 d2 56. Ke2 Kxh5 57. Kxd2 Kg4 58. Ke2 h5 59. Nd1 Kf4 1/2-1/2

[Event "TCh-RUS Premier 2019"]
[Site "Sochi RUS"]
[Date "2019.05.04"]
[Round "4.1"]
[Board "2"]
[White "Rakhmanov, Aleksandr"]
[Black "Pershin, Denis"]
[Result "1-0"]
[WhiteTitle "GM"]
[WhiteElo "2629"]
[BlackElo "2409"]
[WhiteTeam "Strazhi pravoporyadka (St. Petersburg)"]
[BlackTeam "SShOR (St. Petersburg)"]
[WhiteFideId "4173708"]
[BlackFideId "24165506"]
[EventDate "2019.05.01"]

1. d4 d5 2. c4 c6 3. Nf3 Nf6 4. g3 dxc4 5. Bg2 b5 6. Ne5 Bb7 7. O-O e6 8. b3
cxb3 9. axb3 Be7 10. Nc3 a6 11. Bb2 O-O 12. Ne4 Nxe4 13. Bxe4 Qb6 14. Qc2 g6 15.
h4 f6 16. Bxg6 hxg6 17. Qxg6+ Kh8 18. Qh5+ Kg8 19. Qg4+ Kh7 20. Qg6+ Kh8 21.
Qh5+ Kg8 22. Qg4+ Kh7 23. Qxe6 Qd8 24. Qf5+ Kg7 25. Qg4+ Kh7 26. Qh5+ Kg7 27.
Qg6+ Kh8 28. Qh6+ Kg8 29. Qg6+ Kh8 30. Qh6+ Kg8 31. Ng6 Nd7 32. e4 Nb6 33. e5 f5
34. e6 Bf6 35. e7 Bxe7 36. Qh8+ Kf7 37. Qh7+ Ke8 38. Rfe1 Nd5 39. Nxe7 Nxe7 40.
Ba3 c5 41. Bxc5 Rf7 42. Qg8+ Rf8 43. Qg6+ 1-0

[Event "TCh-RUS Premier 2019"]
[Site "Sochi RUS"]
[Date "2019.05.04"]
[Round "4.2"]
[Board "2"]
[White "Khanin, Semen"]
[Black "Lysyj, Igor"]
[Result "1/2-1/2"]
[WhiteTitle "IM"]
[BlackTitle "GM"]
[WhiteElo "2524"]
[BlackElo "2642"]
[WhiteTeam "Siberia (Novosibirsk region)"]
[BlackTeam "HQ Sima-land (Sverdlovsk region)"]
[WhiteFideId "4111990"]
[BlackFideId "4150120"]
[EventDate "2019.05.01"]

1. e4 e5 2. Nf3 Nc6 3. Bc4 Bc5 4. O-O Nf6 5. d3 d6 6. c3 a6 7. a4 Ba7 8. Be3
Bxe3 9. fxe3 O-O 10. Qe1 Be6 11. Bxe6 fxe6 12. Nbd2 d5 13. Rd1 Qd6 14. Qg3 Rad8
15. d4 Nd7 16. b4 exd4 17. exd4 Qxg3 18. hxg3 h6 19. Rfe1 b6 20. exd5 exd5 21.
Re6 Rf6 22. Re3 Rff8 23. Re6 Rf6 24. Re3 Rff8 25. Re6 1/2-1/2

[Event "TCh-RUS Premier 2019"]
[Site "Sochi RUS"]
[Date "2019.05.04"]
[Round "4.2"]
[Board "3"]
[White "Sarana, Alexey"]
[Black "Tsydypov, Zhamsaran"]
[Result "1/2-1/2"]
[WhiteTitle "GM"]
[BlackTitle "IM"]
[WhiteElo "2636"]
[BlackElo "2546"]
[WhiteTeam "HQ Sima-land (Sverdlovsk region)"]
[BlackTeam "Siberia (Novosibirsk region)"]
[WhiteFideId "24133795"]
[BlackFideId "4108566"]
[EventDate "2019.05.01"]

1. e4 c5 2. Nf3 Nc6 3. d4 cxd4 4. Nxd4 e5 5. Nb5 d6 6. N1c3 a6 7. Na3 Be6 8. Nc4
b5 9. Ne3 Nf6 10. Bd3 Be7 11. O-O Nb4 12. a4 O-O 13. axb5 axb5 14. Rxa8 Qxa8 15.
Nxb5 Nxe4 16. Bxe4 Qxe4 17. Nxd6 Qc6 18. Ndf5 Bf6 19. Qd6 Qxd6 20. Nxd6 Be7 21.
Ndf5 Bc5 22. c3 Nd3 23. b4 Ba7 24. Bd2 Ra8 25. c4 Bxe3 26. Nxe3 Ra2 27. Bc3 Ra3
28. Ra1 Rxa1+ 29. Bxa1 Nxb4 30. Bxe5 f6 31. Bc3 Na6 32. Bd4 Kf7 33. f4 Nb4 34.
Kf2 h5 35. Ke2 Nc6 36. Bc5 g5 37. fxg5 Ne5 38. Bd4 Nxc4 39. gxf6 Nxe3 40. Kxe3
Bd5 41. g3 Be6 42. Kf4 Kg6 43. Bc3 1/2-1/2

[Event "TCh-RUS Premier 2019"]
[Site "Sochi RUS"]
[Date "2019.05.04"]
[Round "4.2"]
[Board "5"]
[White "Predke, Alexandr"]
[Black "Kezin, Roman"]
[Result "1/2-1/2"]
[WhiteTitle "GM"]
[BlackTitle "IM"]
[WhiteElo "2626"]
[BlackElo "2468"]
[WhiteTeam "HQ Sima-land (Sverdlovsk region)"]
[BlackTeam "Siberia (Novosibirsk region)"]
[WhiteFideId "24107581"]
[BlackFideId "24124621"]
[EventDate "2019.05.01"]

1. e4 c5 2. Nf3 e6 3. d4 cxd4 4. Nxd4 Nc6 5. Nc3 Qc7 6. Be3 a6 7. a3 b5 8. Nxc6
Qxc6 9. Be2 Bb7 10. O-O Rc8 11. Qd3 Nf6 12. Rfd1 Bc5 13. Bg5 Be7 14. Qg3 d6 15.
Bf3 Qc7 16. Bf4 e5 17. Bg5 O-O 18. Rd2 Rfd8 19. Rad1 Kh8 20. Bxf6 Bxf6 21. Bg4
Rb8 22. Qd3 Bg5 23. Re2 Qc4 24. Nd5 Bxd5 25. Qxd5 Qxd5 26. Rxd5 b4 27. a4 Rb6
28. g3 Bc1 29. b3 Rc6 30. Re1 Rxc2 31. Be2 Bd2 32. Rf1 Bc3 33. Bxa6 Bd4 34. Rb5
Bc5 35. Bb7 g6 36. g4 Rb8 37. a5 Ra2 38. a6 Kg7 39. Kh1 Kf6 40. h4 h6 41. Rd1
Ke7 42. Rf1 Rf8 43. Rg1 Bxf2 44. Rf1 Bc5 45. Bd5 Rxa6 46. Rb7+ Kd8 47. Rb8+ Ke7
48. Rxf8 Kxf8 49. Rxf7+ Ke8 50. Rf6 Ra1+ 51. Kh2 Ra2+ 52. Kg3 Be3 53. Rxg6 Bf4+
54. Kf3 Rc2 55. g5 h5 56. Bc4 Rc3+ 57. Kf2 Bg3+ 58. Ke2 Bxh4 59. Rg8+ Ke7 60.
Rg7+ Ke8 61. g6 Rg3 62. Rh7 Bf6 63. Bf7+ Kf8 64. Rxh5 d5 65. Bxd5 Rxg6 66. Kd3
Rg5 67. Rh6 Kg7 68. Rh3 Rg6 69. Rf3 Bh4 70. Kc4 Be1 71. Rf7+ Kh6 72. Re7 Bc3 73.
Rf7 Kg5 74. Rf5+ Kg4 75. Kd3 Rh6 76. Rf8 Rh3+ 77. Kc4 Rh6 1/2-1/2

[Event "TCh-RUS Premier 2019"]
[Site "Sochi RUS"]
[Date "2019.05.04"]
[Round "4.3"]
[Board "3"]
[White "Matlakov, Maxim"]
[Black "Timofeev, Artyom"]
[Result "1/2-1/2"]
[WhiteTitle "GM"]
[BlackTitle "GM"]
[WhiteElo "2697"]
[BlackElo "2602"]
[WhiteTeam "Mednyi vsadnik (St. Petersburg)"]
[BlackTeam "Ladia (Republic of Tatarstan)"]
[WhiteFideId "4168003"]
[BlackFideId "4140419"]
[EventDate "2019.05.01"]

1. c4 e6 2. g3 d5 3. Bg2 Nc6 4. Nf3 g6 5. d4 Bg7 6. O-O Nge7 7. cxd5 exd5 8. Nc3
Bg4 9. Bg5 Qd7 10. Bxe7 Bxf3 11. Bxf3 Nxe7 12. b4 O-O 13. e3 c6 14. Qb3 a6 15.
a4 b5 16. Ra3 Rab8 17. axb5 axb5 18. Rfa1 Nc8 19. Ne2 Nd6 20. Nf4 Nc4 21. Ra7
Rb7 22. Rxb7 Qxb7 23. Qa2 Rb8 24. Qa7 Bf8 25. Nd3 Bd6 26. Qxb7 Rxb7 27. Ra6 Rb6
28. Ra7 Bb8 29. Ra8 Kg7 30. Kg2 Bd6 31. h4 Rb8 32. Ra6 Rc8 33. e4 Be7 34. exd5
cxd5 35. Ra7 Kf8 36. Bxd5 Rd8 37. Ra8 Rxa8 38. Bxa8 Bf6 39. d5 Bc3 40. Bc6 Ne5
41. Nf4 Bxb4 42. Bxb5 Ke7 43. Nd3 1/2-1/2

[Event "TCh-RUS Premier 2019"]
[Site "Sochi RUS"]
[Date "2019.05.04"]
[Round "4.3"]
[Board "4"]
[White "Faizrakhmanov, Ramil"]
[Black "Najer, Evgeniy"]
[Result "0-1"]
[WhiteTitle "IM"]
[BlackTitle "GM"]
[WhiteElo "2438"]
[BlackElo "2674"]
[WhiteTeam "Ladia (Republic of Tatarstan)"]
[BlackTeam "Mednyi vsadnik (St. Petersburg)"]
[WhiteFideId "24103209"]
[BlackFideId "4118987"]
[EventDate "2019.05.01"]

1. d4 Nf6 2. c4 e6 3. Nf3 d5 4. Nc3 c6 5. e3 Nbd7 6. Qc2 Bd6 7. b3 O-O 8. Be2 a6
9. O-O e5 10. cxd5 cxd5 11. dxe5 Nxe5 12. Bb2 Be6 13. Nd4 Rc8 14. f4 Nc6 15.
Nxc6 Rxc6 16. Qd3 Qa5 17. a3 d4 18. b4 Qc7 19. exd4 Bxf4 20. g3 Bc4 21. Qf3 Bd2
22. Bxc4 Bxc3 23. Bxc3 Rxc4 24. Bd2 Qd7 25. Bg5 Nd5 26. Rad1 h6 27. Bf4 Re8 28.
Rd3 Rc2 29. Rd2 Rc3 30. Rd3 Rc2 31. Rd2 Rc6 32. Be5 Rc3 33. Qh5 Rxa3 34. Bxg7
Kxg7 35. Rdf2 f6 36. Rf5 Rd8 37. Qg4+ Kh7 38. Qh5 Qe6 39. Qh4 Ra2 40. Re5 fxe5
41. Qxd8 exd4 0-1

[Event "TCh-RUS Premier 2019"]
[Site "Sochi RUS"]
[Date "2019.05.04"]
[Round "4.3"]
[Board "5"]
[White "Alekseenko, Kirill"]
[Black "Makhmutov, Rail"]
[Result "1-0"]
[WhiteTitle "GM"]
[BlackTitle "IM"]
[WhiteElo "2636"]
[BlackElo "2390"]
[WhiteTeam "Mednyi vsadnik (St. Petersburg)"]
[BlackTeam "Ladia (Republic of Tatarstan)"]
[WhiteFideId "4135539"]
[BlackFideId "4122151"]
[EventDate "2019.05.01"]

1. e4 c6 2. d4 d5 3. e5 Bf5 4. Nf3 e6 5. Be2 c5 6. c3 Nc6 7. O-O Rc8 8. a3 Bg6
9. b4 cxd4 10. cxd4 Nh6 11. Nbd2 Be7 12. Nb3 O-O 13. Bxh6 gxh6 14. Nc5 Bxc5 15.
dxc5 f6 16. Nd4 Qe7 17. Bg4 f5 18. Bf3 Nxd4 19. Qxd4 f4 20. Rac1 Rc7 21. b5 Rfc8
22. Qxf4 Kg7 23. b6 axb6 24. cxb6 Rc4 25. Rxc4 Rxc4 26. Qe3 Qg5 27. Qe2 Rc1 28.
a4 Rxf1+ 29. Qxf1 Qxe5 30. Qc1 Bc2 31. a5 d4 32. Qa1 Be4 33. Qe1 d3 34. h4 1-0

[Event "TCh-RUS Premier 2019"]
[Site "Sochi RUS"]
[Date "2019.05.04"]
[Round "4.4"]
[Board "2"]
[White "Nozdrachev, Vladislav"]
[Black "Chigaev, Maksim"]
[Result "1/2-1/2"]
[WhiteTitle "IM"]
[BlackTitle "GM"]
[WhiteElo "2489"]
[BlackElo "2637"]
[WhiteTeam "Moskovskaya oblast"]
[BlackTeam "Molodezhka (Tyumen region)"]
[WhiteFideId "24113441"]
[BlackFideId "4108116"]
[EventDate "2019.05.01"]

1. e4 e5 2. Nf3 Nc6 3. Bc4 Nf6 4. d3 h6 5. O-O d6 6. c3 g5 7. Bb3 Bg7 8. Na3 O-O
9. Nc4 Be6 10. Re1 g4 11. Nfd2 d5 12. exd5 Nxd5 13. Ne4 a5 14. Nc5 Bc8 15. Ne3
Nf4 16. Nxg4 b6 17. Nxe5 Nxe5 18. Bxf4 Ng6 19. Be3 bxc5 20. Bxc5 Qg5 21. Qf3 Bg4
22. Qd5 Ne5 23. f4 Qxf4 24. Rf1 Qg5 25. Bxf8 Rxf8 26. d4 a4 27. dxe5 axb3 28.
axb3 Bxe5 29. Ra5 Qe3+ 30. Kh1 Bd6 31. Ra4 Be6 32. Qh5 Qg5 33. Ra5 Qxh5 34. Rxh5
Kg7 35. b4 f5 36. Re1 Bc4 37. Kg1 Kg6 38. Rh3 f4 39. Rf3 h5 40. Rf2 h4 41. Re4
Bd5 42. Rd4 Bb7 43. g3 hxg3 44. hxg3 f3 45. Rfd2 Kg5 46. Kf2 Rh8 47. Rd5+ Bxd5
48. Rxd5+ Kf6 49. Kxf3 Rh2 50. Ke4 Rxb2 51. g4 Rg2 52. Rf5+ Ke6 53. Rg5 Rg3 54.
Kd4 Be7 55. Re5+ Kd6 56. Rf5 Rxg4+ 57. Kd3 Ke6 58. Rh5 Rg3+ 59. Kc2 Bd6 60. Rh4
Kd5 61. Rd4+ Kc6 62. Kb3 Be5 63. Rc4+ Kd5 64. Rc5+ Ke4 65. Rc6 Bd6 66. Kc4 Rg8
67. Kb5 Rb8+ 68. Ka6 Kd5 69. b5 Bc5 70. Rxc7 Kc4 71. Rc6 Rxb5 72. Rh6 Rb1 73.
Rh7 Rb6+ 74. Ka5 Rb2 75. Ka6 Ra2+ 76. Kb7 Kb5 77. c4+ Kxc4 78. Kc6 Ra6+ 79. Kd7
Kb5 80. Rf7 Rd6+ 81. Ke7 Rg6+ 82. Kd7 Rh6 83. Rf5 Kc4 84. Rf4+ Bd4 85. Rf5 Kd3
86. Rd5 Rh7+ 87. Kc6 Ke4 88. Rb5 Rh6+ 89. Kd7 Be5 90. Rb1 Kd5 91. Rb5+ Kd4 92.
Rb1 Kc5 93. Rc1+ Kd5 94. Rd1+ Bd4 95. Kd8 Rh7 96. Rd2 Ke5 97. Kc8 Bc5 98. Rd7
Rh6 99. Kb7 Bd6 100. Kc6 Rh1 101. Rxd6 1/2-1/2

[Event "TCh-RUS Premier 2019"]
[Site "Sochi RUS"]
[Date "2019.05.04"]
[Round "4.4"]
[Board "3"]
[White "Paravyan, David"]
[Black "Geller, Jakov"]
[Result "1/2-1/2"]
[WhiteTitle "GM"]
[BlackTitle "GM"]
[WhiteElo "2610"]
[BlackElo "2518"]
[WhiteTeam "Molodezhka (Tyumen region)"]
[BlackTeam "Moskovskaya oblast"]
[WhiteFideId "4194985"]
[BlackFideId "4151984"]
[EventDate "2019.05.01"]

1. e4 e5 2. Nf3 Nc6 3. Bc4 Bc5 4. d3 Nf6 5. a4 O-O 6. Bg5 h6 7. Bh4 Be7 8. Bg3
d6 9. h3 Be6 10. Nbd2 Nd7 11. Bxe6 fxe6 12. O-O a5 13. c3 Bf6 14. Qc2 Rf7 15.
Rfb1 b6 16. b4 Nf8 17. b5 Ne7 18. d4 Neg6 19. Rd1 Qe7 20. Qd3 Nd7 21. Qc4 Rc8
22. Re1 Bg5 23. Nxg5 Qxg5 24. Nf3 Qf6 25. Rad1 Kh7 26. Rd2 exd4 27. cxd4 e5 28.
Rc1 Nf4 29. dxe5 Nxe5 30. Nxe5 dxe5 31. Rcd1 Rcf8 32. Rd7 Qg6 33. Kh2 Nh5 34.
R1d2 Nxg3 35. fxg3 Rxd7 36. Rxd7 h5 37. Qxc7 h4 38. Qxe5 Re8 39. Rxg7+ Qxg7 40.
Qh5+ Qh6 41. Qxe8 hxg3+ 42. Kxg3 Qg5+ 43. Kf3 Qf6+ 44. Kg4 Qg7+ 45. Kf3 Qc3+ 46.
Ke2 Qc2+ 47. Ke3 Qc3+ 48. Kf2 Qd2+ 49. Kg3 Qg5+ 50. Kf3 Qf6+ 51. Ke2 Qb2+ 52.
Kd3 Qa3+ 53. Kc2 Qa2+ 54. Kc1 Qa1+ 55. Kd2 Qb2+ 56. Kd1 Qb1+ 57. Ke2 Qb2+ 58.
Kf1 Qc1+ 59. Kf2 Qd2+ 60. Kf3 Qc3+ 61. Kg4 Qg7+ 62. Kf5 Qf8+ 63. Qxf8 1/2-1/2

[Event "TCh-RUS Premier 2019"]
[Site "Sochi RUS"]
[Date "2019.05.04"]
[Round "4.5"]
[Board "1"]
[White "Schekachikhin, Maksim"]
[Black "Malakhov, Vladimir"]
[Result "0-1"]
[WhiteTitle "IM"]
[BlackTitle "GM"]
[WhiteElo "2424"]
[BlackElo "2660"]
[WhiteTeam "Muzhskoe Dvizhenie (St. Petersburg)"]
[BlackTeam "ShSM Legacy Square Capital (Moscow)"]
[WhiteFideId "24177830"]
[BlackFideId "4120787"]
[EventDate "2019.05.01"]

1. d4 d5 2. c4 c6 3. Nc3 Nf6 4. Nf3 dxc4 5. a4 Bf5 6. e3 e6 7. Bxc4 Bb4 8. O-O
Nbd7 9. Nh4 Bg6 10. Nxg6 hxg6 11. h3 O-O 12. Qe2 Re8 13. Rd1 Qa5 14. Bd2 Nb6 15.
Bb3 e5 16. dxe5 Qxe5 17. Be1 a5 18. Qd3 g5 19. g3 Nbd7 20. Bc2 g6 21. Kg2 Rad8
22. Rac1 Kg7 23. Qc4 Qe7 24. Bb3 Rh8 25. Qe2 Rh7 26. Bd2 Ne5 27. Nb1 Nd3 28.
Bxb4 axb4 29. Rc4 b5 30. Rxd3 Rxd3 31. Qxd3 bxc4 32. Qxc4 Qe4+ 33. f3 Qxc4 34.
Bxc4 Rh8 35. Nd2 Rd8 36. Nb3 Nd5 37. Bxd5 Rxd5 38. Kf2 Rd3 39. Na5 Rd2+ 40. Ke1
Rxb2 41. Nxc6 b3 42. Nd4 Rf2 43. Nxb3 Rxf3 44. Ke2 Rxg3 45. a5 Rxh3 46. a6 Rh2+ 0-1

[Event "TCh-RUS Premier 2019"]
[Site "Sochi RUS"]
[Date "2019.05.04"]
[Round "4.5"]
[Board "2"]
[White "Zvjaginsev, Vadim"]
[Black "Duzhakov, Ilya"]
[Result "1-0"]
[WhiteTitle "GM"]
[BlackTitle "IM"]
[WhiteElo "2635"]
[BlackElo "2388"]
[WhiteTeam "ShSM Legacy Square Capital (Moscow)"]
[BlackTeam "Muzhskoe Dvizhenie (St. Petersburg)"]
[WhiteFideId "4113403"]
[BlackFideId "4192516"]
[EventDate "2019.05.01"]

1. Nf3 Nf6 2. g3 d5 3. Bg2 c5 4. O-O e6 5. d3 Nc6 6. Nbd2 g6 7. b3 Bg7 8. Bb2
O-O 9. Ne5 Bd7 10. c4 Nxe5 11. Bxe5 Bc6 12. cxd5 Bxd5 13. e4 Bc6 14. Nc4 Nd7 15.
Bxg7 Kxg7 16. Rc1 b5 17. Ne3 Qb6 18. Qd2 Rfd8 19. Qc3+ f6 20. b4 Ne5 21. bxc5
Qb7 22. d4 b4 23. Qa1 b3 24. Rb1 1-0

[Event "TCh-RUS Premier 2019"]
[Site "Sochi RUS"]
[Date "2019.05.04"]
[Round "4.5"]
[Board "4"]
[White "Grachev, Boris"]
[Black "Lintchevski, Daniil"]
[Result "1-0"]
[WhiteTitle "GM"]
[BlackTitle "GM"]
[WhiteElo "2615"]
[BlackElo "2525"]
[WhiteTeam "ShSM Legacy Square Capital (Moscow)"]
[BlackTeam "Muzhskoe Dvizhenie (St. Petersburg)"]
[WhiteFideId "4129199"]
[BlackFideId "4171055"]
[EventDate "2019.05.01"]

1. c4 c5 2. Nf3 Nc6 3. Nc3 g6 4. e3 Nf6 5. d4 cxd4 6. exd4 d5 7. cxd5 Nxd5 8.
Qb3 Nxc3 9. Bc4 e6 10. bxc3 Bg7 11. Ba3 Bf8 12. Bd3 Bxa3 13. Qxa3 Qe7 14. Qc1
O-O 15. Qh6 f6 16. O-O Qg7 17. Qe3 Bd7 18. Rfe1 Rae8 19. Nd2 Ne7 20. Be4 Bc6 21.
Bxc6 Nxc6 22. Ne4 b6 23. Nd6 Re7 24. Qf3 Nd8 25. c4 Nf7 26. c5 Nxd6 27. cxd6
Ree8 28. Rac1 Qd7 29. Rc7 Qxd6 30. Qb7 1-0

[Event "TCh-RUS Premier 2019"]
[Site "Sochi RUS"]
[Date "2019.05.05"]
[Round "5.1"]
[Board "1"]
[White "Inarkiev, Ernesto"]
[Black "Lobanov, Sergei"]
[Result "1-0"]
[WhiteTitle "GM"]
[BlackTitle "IM"]
[WhiteElo "2691"]
[BlackElo "2513"]
[WhiteTeam "ShSM Legacy Square Capital (Moscow)"]
[BlackTeam "SShOR (St. Petersburg)"]
[WhiteFideId "4162722"]
[BlackFideId "24183750"]
[EventDate "2019.05.01"]

1. d4 Nf6 2. c4 e6 3. Nc3 Bb4 4. Nf3 b6 5. e3 Bb7 6. Bd3 c5 7. O-O O-O 8. Na4
cxd4 9. a3 Be7 10. exd4 d6 11. Re1 Nbd7 12. b4 Rc8 13. Bf4 Nh5 14. Bd2 e5 15.
Nc3 f5 16. dxe5 dxe5 17. Nxe5 Nxe5 18. Rxe5 Bf6 19. Re3 Nf4 20. Bf1 Bd4 21. Rg3
Qh4 22. Bxf4 Qxf4 23. Ra2 Rcd8 24. Rd2 Bf6 25. Nd5 Bxd5 26. Rxd5 g6 27. Rgd3
Rxd5 28. Rxd5 Re8 29. Rd7 Kh8 30. Qd5 1-0